Statistics for 25 Biggest YouTubers 2022

Click here to take the quiz!

General Stats

  • This quiz has been taken 13 times
    (5 since last reset)
  • The average score is 9 of 25

Answer Stats

Hint:Answer% Correct
Rank: 4, Sub count: 111MPewDiePie
100%
Rank: 2, Sub count: 141MCocomelon
75%
Rank: 5, Sub count: 103MMr. Beast
75%
Rank: 1, Sub count: 223MT series
75%
Rank: 22, Sub count: 58.1MDude perfect
50%
Rank: 3, Sub count: 140MSET India
50%
Rank: 15, Sub count: 70.2MBANGTANTV
25%
Rank: 11, Sub count: 78.3MBlackPink
25%
Rank: 18, Sub count: 65.9MCanal KondZilla
25%
Rank: 23, Sub count: 58M
ChuChu Nursery Rhymes
& kid songs
25%
Rank: 12, Sub count: 77.2MFive Minute Crafts
25%
Rank: 13, Sub count: 74.7MGoldmines
25%
Rank: 17, Sub count: 67.9MHYBE LABELS
25%
Rank: 16, Sub count: 69.8MJustin Bieber
25%
Rank: 6, Sub count: 100MKids Diana Show
25%
Rank: 7, Sub count: 99.6MLike Nastya
25%
Rank: 25, Sub count: 55.7MMarshmello
25%
Rank: 24, Sub count: 57.6MMovieclips
25%
Rank: 21, Sub count: 59.6MPinkfong
25%
Rank: 20, Sub count: 61.4MShemaro Filmi Gaane
25%
Rank: 14, Sub count: 70.9MSony SAB
25%
Rank: 10, Sub count: 85.5MVlad and Niki
25%
Rank: 8, Sub count: 90.4MWWE
25%
Rank: 9, Sub count: 87Mzeemusiccompany
25%
Rank: 19, Sub count: 63.1MZee TV
25%

Score Distribution

Percentile by Number Answered

Percent of People with Each Score

Your Score History

You have not taken this quiz since the last reset